[Event "Zeus (Women)"]
[Site "Budapest"]
[Date "1991.??.??"]
[Round "9"]
[White "Grabics, Monika"]
[Black "Erenska Radzewska, Hanna"]
[Result "0-1"]
[WhiteElo "2115"]
[BlackElo "2250"]

1.e4 c5 2.Nf3 e6 3.d4 cxd4 4.Nxd4 Nc6 5.Nc3 a6 6.Be3 Qc7 7.Nxc6 Qxc6 8.Bd3 d6
9.O-O Bd7 10.f4 Nf6 11.Kh1 e5 12.f5 d5 13.exd5 Nxd5 14.Nxd5 Qxd5 15.Qe2 Be7
16.Rad1 Bc6 17.c4 Qa5 18.Bd2 Qc7 19.Bc3 f6 20.Qh5+ Kf8 21.b4 Be8 22.Qg4 Rd8
23.Be2 h5 24.Qh4 Rxd1 25.Rxd1 g5 26.fxg6 Bxg6 27.Rf1 Kg7 28.Qg3 h4 29.Qg4 Qc8
30.Qf3 h3 31.g4 Qc6 32.Qxc6 bxc6 33.g5 Be4+ 34.Kg1 Rd8 35.Kf2 Kg6 36.gxf6 Bxf6
37.Ke3 Bg2 38.Rg1 Bg5+ 39.Kf2 Rf8+ 40.Ke1 Bf4 41.Bg4 Kf6 42.Rxg2 hxg2 43.Kf2 Bxh2
44.Kxg2 Rg8 45.Kf3 Ke7 46.b5 e4+ 47.Kg2 Rxg4+ 48.Kxh2 axb5 49.cxb5 cxb5  0-1

[Event "Autoteam"]
[Site "Budapest"]
[Date "1991.??.??"]
[Round "9"]
[White "Fogarasi, Tibor"]
[Black "Szabolcsi, Janos"]
[Result "0-1"]
[WhiteElo "2420"]
[BlackElo "2350"]

1.e4 c5 2.Nf3 e6 3.d4 cxd4 4.Nxd4 Nc6 5.Nc3 Qc7 6.f4 a6 7.Nxc6 Qxc6 8.Bd3 b5
9.Qe2 Bb7 10.Bd2 Ne7 11.Qh5 g6 12.Qe5 Rg8 13.O-O-O f5 14.exf5 gxf5 15.Be2 Rxg2
16.Bh5+ Ng6 17.Qh8 O-O-O 18.Qxh7 Bd6 19.Bxg6 Rxd2 20.Qh4 Rg2 21.Rhg1 Bc5
22.Rxg2 Qxg2 23.Bh5 b4 24.Na4 Be4 25.Rd2 Be3 26.Nb6+ Kb7  0-1

[Event "Schneider mem op"]
[Site "Budapest"]
[Date "1991.??.??"]
[Round "10"]
[White "Utasi, Tamas"]
[Black "Stajcic, Nikola"]
[Result "0-1"]
[WhiteElo "2345"]
[BlackElo "2345"]

1.e4 c5 2.Nf3 e6 3.d4 cxd4 4.Nxd4 Nc6 5.Nc3 Qc7 6.g3 a6 7.Bg2 d6 8.O-O Bd7
9.Be3 Nf6 10.a4 Be7 11.g4 h5 12.g5 Ng4 13.Nxc6 Nxe3 14.fxe3 Bxc6 15.h4 g6
16.Ne2 Rc8 17.Nf4 Bf8 18.Qd4 Rg8 19.Qd2 Bg7 20.c3 Be5 21.Qf2 Qd7 22.Nd5 exd5
23.exd5 Rc7 24.dxc6 bxc6 25.a5 Qg4 26.b3 Bg3 27.Bxc6+ Kf8 28.Qg2 Bxh4 29.Qxg4 hxg4
30.Bd5 Bxg5 31.e4 Bd2 32.c4 Kg7 33.Kg2 Rb8 34.Ra2 Bc3 35.Raf2 Bxa5 36.Rxf7+ Rxf7
37.Rxf7+ Kh6 38.Rf6 Rxb3 39.Rxd6 Rb2+ 40.Kf1 Bc3 41.e5 Bxe5 42.Rxa6 g3 43.Ra3 Kg5
44.Re3 Rf2+ 45.Ke1 Bd6 46.Re2 Bb4+ 47.Kd1 Rf4 48.Rg2 Kg4 49.Bb7 Kh3 50.Ke2 Bc5
51.Ke1 Bf2+  0-1

[Event "Cansys IM-Nov"]
[Site "Budapest"]
[Date "1991.??.??"]
[Round "10"]
[White "Almasi, Istvan"]
[Black "Sziva, Erika"]
[Result "1-0"]
[WhiteElo "2280"]
[BlackElo "2245"]

1.e4 c5 2.Nf3 e6 3.Nc3 Nc6 4.d4 cxd4 5.Nxd4 Qc7 6.g3 a6 7.Bg2 Nf6 8.O-O Be7
9.Be3 O-O 10.f4 d6 11.Qe2 Bd7 12.Rad1 Rac8 13.h3 b5 14.a3 Na5 15.Bc1 Nc4
16.Rd3 Rb8 17.g4 g6 18.g5 Nh5 19.Kh2 Rfe8 20.b3 Nb6 21.Bb2 Nxf4 22.Rxf4 e5
23.Rf1 exd4 24.Qf2 Rf8 25.Qxd4 d5+ 26.Kh1 Bc5 27.Qg7+ Kxg7 28.Nxd5+ Kg8 29.Nxc7 Be7
30.Nxa6 Rbd8 31.Bf6 Bxf6 32.Rxf6 Be6 33.Nc5 Rc8 34.Nxe6  1-0

[Event "Buenos Aires Konex"]
[Site "Buenos Aires"]
[Date "1991.??.??"]
[Round "3"]
[White "Juarez, Alberto"]
[Black "Rodriguez, Jorge Luis"]
[Result "0-1"]
[WhiteElo "2245"]
[BlackElo "2370"]

1.e4 c5 2.Nf3 e6 3.d4 cxd4 4.Nxd4 Nc6 5.Nc3 a6 6.f4 Qc7 7.Nxc6 bxc6 8.e5 f5
9.exf6 Nxf6 10.Bd3 d5 11.g4 g6 12.h4 e5 13.g5 Nh5 14.fxe5 Bc5 15.Ne2 O-O
16.Qd2 Qxe5 17.Qc3 Qxc3+ 18.bxc3 Bg4 19.a4 Rae8 20.Ba3 Bxa3 21.Rxa3 Bxe2
22.Bxe2 Rxe2+ 23.Kxe2 Ng3+ 24.Kd3 Nxh1 25.Rb3 Nf2+ 26.Ke3 Ng4+ 27.Kd4 Rf4+
28.Kc5 Ne5 29.a5 Kf7 30.Rb7+ Ke6 31.Rxh7 Ra4 32.Kb6 Kd6 33.h5 Nc4+ 34.Kxa6 Rxa5+
35.Kb7 Rb5+ 36.Ka7 gxh5 37.Rxh5 Rb1 38.Rh6+ Kc5 39.g6 Rg1 40.Kb7 Ne5 41.Rh5 Nxg6
42.c4 Nf4 43.Rf5 Rg7+ 44.Ka6 Ne6 45.cxd5 cxd5 46.Rf3 Kc6 47.Ka5 Kc5 48.Rc3+ Kd4
49.Rh3 Rb7 50.Ka4 Kc4  0-1

[Event "GEBA"]
[Site "Buenos Aires"]
[Date "1991.??.??"]
[Round "5"]
[White "Garbarino, Rodolfo"]
[Black "Markeluk, Sergio"]
[Result "1-0"]
[WhiteElo "2375"]
[BlackElo "2375"]

1.e4 c5 2.Nf3 e6 3.d4 cxd4 4.Nxd4 Nc6 5.Nc3 Qc7 6.f4 a6 7.Nf3 b5 8.Bd3 d6
9.O-O Nf6 10.Kh1 b4 11.Na4 Be7 12.Qe1 O-O 13.e5 Nd7 14.exd6 Qxd6 15.Be3 Qc7
16.Qg3 Rb8 17.Rae1 g6 18.Ng5 Nf6 19.Qh4 Kg7 20.Qh3 h6 21.Nf3 Nd5 22.Bc1 h5
23.b3 Bf6 24.Qg3 Nd4 25.Ne5 Ne7 26.Bb2 Ndf5 27.Qf2 Kg8 28.Re2 Nd5 29.Qc5 Qxc5
30.Nxc5 Bxe5 31.Bxe5 a5  1-0

[Event "GEBA"]
[Site "Buenos Aires"]
[Date "1991.??.??"]
[Round "5"]
[White "Rodriguez, Antonio"]
[Black "Larsen, Bent"]
[Result "0-1"]
[WhiteElo "2325"]
[BlackElo "2560"]

1.e4 c5 2.Ne2 e6 3.d4 cxd4 4.Nxd4 Nc6 5.Nc3 d6 6.g3 Nf6 7.Bg2 Bd7 8.O-O Be7
9.Nxc6 Bxc6 10.Qe2 O-O 11.Rd1 Qc7 12.Bf4 a6 13.Rd2 Rfd8 14.Rad1 h6 15.g4 b5
16.a3 e5 17.Be3 Qb7 18.Nd5 Bxd5 19.exd5 Re8 20.h4 Nh7 21.Be4 Bxh4 22.Kg2 Nf6
23.Bf5 g6 24.Bxh6 gxf5 25.gxf5 Kh7 26.Rh1 Rg8+ 27.Kf1 Kxh6 28.Rxh4+ Kg7 29.Qe3 Kf8
30.Qh3 Ke7 31.Rh6 Qc8 32.Rd3 Rh8 33.Rc3 Rxh6 34.Qxh6 Qd7 35.Qg5 Rc8 36.Rf3 b4
37.c4 Rxc4  0-1

[Event "Buenos Aires Konex"]
[Site "Buenos Aires"]
[Date "1991.??.??"]
[Round "7"]
[White "Salazar, Hernan"]
[Black "Panno, Oscar"]
[Result "1/2-1/2"]
[WhiteElo "2390"]
[BlackElo "2440"]

1.e4 c5 2.Nc3 Nc6 3.Nge2 e6 4.d4 cxd4 5.Nxd4 d6 6.Be3 Nf6 7.Qd2 Be7 8.f3 a6
9.g4 Nd7 10.O-O-O O-O 11.h4 Nxd4 12.Bxd4 b5 13.Kb1 Bb7 14.g5 Rc8 15.Bd3 b4
16.Ne2 a5 17.Ng3 Qc7 18.h5 Ne5 19.f4 Nf3 20.Qf2 Nxd4 21.Qxd4 Qc5 22.Qg1 Qxg1
23.Rhxg1 Rc5 24.Ne2 Rd8 25.c3 bxc3 26.Nxc3 Bc6 27.Be2 Bd7 28.Rd4 Rb8 29.Na4 Bxa4  1/2-1/2

[Event "Buenos Aires Konex"]
[Site "Buenos Aires"]
[Date "1991.??.??"]
[Round "7"]
[White "Tossutti, Juan C"]
[Black "Garcia, Raimundo"]
[Result "1-0"]
[WhiteElo "2230"]
[BlackElo "2360"]

1.e4 c5 2.Nf3 e6 3.d4 cxd4 4.Nxd4 Nc6 5.Nc3 Qc7 6.Be2 a6 7.O-O Nf6 8.Be3 Bb4
9.f4 Bxc3 10.bxc3 Nxe4 11.Bd3 Nf6 12.Qe1 Ne7 13.Qg3 b6 14.Qxg7 Rg8 15.Qxf6 Nd5
16.Nxe6 dxe6 17.Qd4 Bb7 18.Rf2 O-O-O 19.c4 Nxe3 20.Qxe3 Qc6 21.Bf1 Rg6 22.Rb1 Kc7
23.Rb3 Rdg8 24.Qe5+ Kc8 25.Rd3 Qc5 26.Qxc5+ bxc5 27.Rh3 h6 28.Rh5 f5 29.Rh3 Kc7
30.Re3 Be4 31.g3 Rb8 32.Rb3 Rd8 33.Bd3 Bc6 34.Re2 h5 35.Re5 h4 36.Be2 Rd2
37.Kf1 Rxc2 38.Rxc5 hxg3 39.hxg3 Rc1+ 40.Kf2 Rc2 41.Ra3 Rh6 42.Ke3 Kd6 43.Re5 Rh2
44.Kd3 Rb2 45.Rxa6 Kc7 46.Rc5 Rhxe2 47.Raxc6+ Kd7 48.Rc7+ Kd8 49.Rg7 Rbd2+
50.Kc3 Rxa2 51.Rb5 Kc8 52.Kd4 Re4+ 53.Kc5 e5 54.fxe5 Rxe5+ 55.Kd6 Rxb5 56.cxb5 Rb2
57.Kc6 Rc2+ 58.Kb6 Rf2 59.Rg8+ Kd7 60.Kb7 f4 61.gxf4 Rxf4 62.Rg2 Kd6 63.Rc2 Rf7+
64.Ka6 Rf1 65.b6 Kd7 66.Kb7 Kd6 67.Ka7 Ra1+ 68.Kb8 Rh1 69.b7 Kd7 70.Ra2  1-0

[Event "BUL-ch"]
[Site "?"]
[Date "1991.??.??"]
[Round "2"]
[White "Petrov, Marijan"]
[Black "Kurtenkov, Atanas"]
[Result "0-1"]
[WhiteElo "2265"]
[BlackElo "2365"]

1.e4 c5 2.Nf3 e6 3.d4 cxd4 4.Nxd4 Nc6 5.Nc3 a6 6.Be2 Qc7 7.O-O b5 8.Be3 Bb7
9.Kh1 Nf6 10.a3 Ne5 11.Bf4 d6 12.Qe1 Be7 13.Rd1 O-O 14.f3 Rac8 15.Bc1 Nc4
16.b3 Nxa3 17.Bxa3 Qxc3 18.e5 Ne8 19.exd6 Bxd6 20.Qxc3 Rxc3 21.Nxb5 axb5
22.Bxd6 Nxd6 23.Rxd6 Rxc2 24.Bxb5 Bd5 25.Ba4 Rb8 26.Rb1 g5 27.b4 Rc4 28.h3 Rbxb4
29.Rxb4 Rxb4 30.Bc6 Bb3 31.Rd8+ Kg7 32.Be4 f5 33.Bc6 h5 34.Kh2 Rc4 35.Rb8 Rc3
36.Rb7+ Kf6 37.Rb6 h4 38.Bb7 Ke5 39.Rb4 Bc4 40.Bc8 Rc2 41.Kg1 Rc1+ 42.Kh2 Bf1
43.Bb7 Rc2 44.Kg1 Bd3 45.Ra4 Rc4 46.Ra3 Rc1+ 47.Kh2 Bc4 48.Ra4 Bd5 49.Ba6 Rd1
50.Bc8 Rd4 51.Ra8 Rc4 52.Ba6 Rc2 53.Bb5 Rb2 54.Bd7 Rb7 55.Be8 Rb8 56.Bd7 Kd6
57.Ra7 Rb7 58.Rxb7 Bxb7 59.Be8 Ke5 60.Kg1 Kf4 61.Kf2 Ba6 62.Bc6 e5 63.Bd5 e4
64.fxe4 fxe4 65.Be6 Bd3 66.Bd7 e3+ 67.Ke1 Be4 68.Kf1 Bd3+ 69.Ke1 Kg3 70.Bc6 Kh2
71.Bf3 Kg1 72.Bd5 Bf1 73.Be4 Bxg2  0-1

[Event "BUL-ch"]
[Site "?"]
[Date "1991.??.??"]
[Round "6"]
[White "Nikolov, S."]
[Black "Kurtenkov, Atanas"]
[Result "0-1"]
[WhiteElo "2395"]
[BlackElo "2365"]

1.e4 c5 2.Nf3 e6 3.d4 cxd4 4.Nxd4 Nc6 5.Nc3 a6 6.Be3 d5 7.exd5 exd5 8.Be2 Nf6
9.O-O Be7 10.Qd2 O-O 11.Rfd1 Bb4 12.Bg5 Bxc3 13.Qxc3 Ne4 14.Qxc6 Qxg5 15.Qb6 Qf6
16.Qxf6 Nxf6 17.c3 Rd8 18.f3 Kf8 19.Rd2 b6 20.Kf2 Bb7 21.Rad1 Rd7 22.Nc2 Ne8
23.Ne3 Rad8 24.f4 Nc7 25.Bf3 b5 26.g3 g6 27.c4 bxc4 28.Nxc4 Ke7 29.Bg4 f5
30.Bf3 dxc4 31.Re2+ Ne6 32.Rde1 Be4 33.Bxe4 fxe4 34.Rxe4 Rd2+ 35.R1e2 Rxe2+
36.Kxe2 Rb8  0-1

[Event "BUL-ch"]
[Site "?"]
[Date "1991.??.??"]
[Round "7"]
[White "Petrov, Marijan"]
[Black "Pantev, Veselin"]
[Result "1/2-1/2"]
[WhiteElo "2265"]
[BlackElo "2265"]

1.e4 c5 2.Nf3 e6 3.d4 cxd4 4.Nxd4 Nc6 5.Nc3 Nf6 6.Ndb5 d6 7.Bf4 e5 8.Bg5 a6
9.Na3 b5 10.Bxf6 gxf6 11.Nd5 Bg7 12.Bd3 Ne7 13.Nxe7 Qxe7 14.O-O O-O 15.c4 f5
16.Qf3 bxc4 17.Nxc4 d5 18.exd5 e4 19.Qe2 Qc5 20.Bc2 Bd7 21.Rad1 Rad8 22.b3 Rfe8
23.Qe3 Qf8 24.a4 Qb4 25.Qd2 Bc3 26.Qf4 Qe7 27.Qg3+ Bg7 28.Rb1 Qf6 29.Qf4 Bc8
30.Rbd1 Bh6 31.Qg3+ Kh8 32.f4 Bb7 33.d6 Qe6 34.Qe3 Bg7 35.Rf2 Bd5 36.Qc5 Bxc4
37.bxc4 Rc8 38.Qe3 Red8 39.c5 Qc4 40.Bb3 Qxc5 41.Qxc5 Rxc5 42.Bxf7 Bf8 43.d7  1/2-1/2

[Event "Cacak-B"]
[Site "Cacak"]
[Date "1991.??.??"]
[Round "7"]
[White "Varga, Zoltan"]
[Black "Rabrenovic, Vladan"]
[Result "0-1"]
[WhiteElo "2370"]
[BlackElo "2285"]

1.e4 c5 2.Nf3 e6 3.d4 cxd4 4.Nxd4 Nc6 5.Nc3 d6 6.Be3 Nf6 7.Bc4 Be7 8.Qe2 a6
9.O-O-O Qc7 10.Rhg1 Bd7 11.g4 b5 12.Bd3 b4 13.Nb1 Nxd4 14.Bxd4 e5 15.Be3 Bc6
16.Nd2 d5 17.f3 d4 18.Bf2 Nd7 19.f4 exf4 20.Bxd4 O-O 21.Nc4 Bc5 22.Qf2 Bb5
23.Kb1 Rac8 24.b3 Rfd8 25.Bxc5 Nxc5 26.Nb2 Qe5 27.Rge1 Bxd3 28.cxd3 Ne6 29.Nc4 Qd4
30.Qxd4 Rxd4 31.Nb6 Rc3 32.Nd5 Rcxd3 33.Rxd3 Rxd3 34.Nxb4 Rh3 35.Nxa6 Rxh2
36.b4 Rd2 37.b5 g5 38.e5 h5 39.b6 Nd8 40.gxh5 f3 41.Nc5 Kh8 42.Rg1 Rg2 43.Rf1 g4
44.e6 Re2  0-1

[Event "Cappelle op"]
[Site "Cappelle la Grande"]
[Date "1991.??.??"]
[Round "2"]
[White "Conquest, Stuart"]
[Black "Harasta, Vladimir"]
[Result "1-0"]
[WhiteElo "2460"]
[BlackElo "2255"]

1.e4 c5 2.Nf3 e6 3.d4 cxd4 4.Nxd4 Nc6 5.Nc3 d6 6.f4 Nf6 7.Nf3 Be7 8.Bd3 a6
9.Qe2 b5 10.O-O e5 11.Kh1 O-O 12.a4 b4 13.Nd5 exf4 14.Bxf4 Re8 15.Qf2 Be6
16.Rad1 Ng4 17.Qg3 Nce5 18.Be2 Bxd5 19.Rxd5 Qc7 20.Nd4 Nf6 21.Rxe5 dxe5 22.Bxe5 Qb6
23.a5 Qc5 24.Nf5 g6 25.Nxe7+ Rxe7 26.Bxf6 Rxe4 27.Bf3 Re3 28.Qg5 Qc4 29.Kg1 Rxf3
30.gxf3  1-0

[Event "JUG-chT Cetinje"]
[Site "Cetinje"]
[Date "1991.??.??"]
[Round "2"]
[White "Todorovic, Goran M"]
[Black "Paunovic, Dragan"]
[Result "1-0"]
[WhiteElo "2490"]
[BlackElo "2455"]

1.e4 c5 2.Nf3 Nc6 3.Nc3 e6 4.d4 cxd4 5.Nxd4 Qc7 6.Be2 a6 7.Be3 Nf6 8.O-O Bb4
9.Na4 O-O 10.c4 Bd6 11.g3 Nxe4 12.Bf3 Nf6 13.c5 Be7 14.Rc1 Nxd4 15.Bxd4 e5
16.Bxe5 Qxe5 17.Re1 Qg5 18.h4 Qg6 19.Rxe7 d5 20.cxd6 Bg4 21.Bxg4 Nxg4 22.Nc5 b6
23.Ne4 Rad8 24.Qd2 Nf6 25.Nxf6+ Qxf6 26.Rd1 h6 27.b3 b5 28.Qd5 Rc8 29.Rc7 Rcd8
30.d7 Qb6 31.Rc6 Qa5 32.a4 Rb8 33.Qd6 Ra8 34.b4 Qxa4 35.Rdc1 Rad8 36.Rc8 Qa3
37.Qc7 Kh7 38.Rxd8 Rxd8 39.Rf1 Rxd7 40.Qxd7 Qxb4 41.Qf5+  1-0

[Event "JUG-chT Cetinje"]
[Site "Cetinje"]
[Date "1991.??.??"]
[Round "3"]
[White "Velimirovic, Dragoljub"]
[Black "Averkin, Orest N"]
[Result "1-0"]
[WhiteElo "2520"]
[BlackElo "2470"]

1.e4 c5 2.Nf3 e6 3.d4 cxd4 4.Nxd4 Nc6 5.Nc3 Qc7 6.Be2 a6 7.O-O Nf6 8.Kh1 Be7
9.f4 d6 10.f5 Ne5 11.a4 Bd7 12.Qe1 O-O 13.Qg3 Kh8 14.Bg5 Rfe8 15.Rf4 Ng8
16.Raf1 Bxg5 17.Qxg5 Qd8 18.Qg3 Nf6 19.Rh4 Rg8 20.Qh3 h6 21.Nf3 Nxf3 22.Rxf3 exf5
23.exf5 Bc6 24.Rd3 Qe7 25.Re3 Qf8 26.Rd4 Rd8 27.b4 Re8 28.b5 axb5 29.axb5 Bd7
30.Rxe8 Qxe8 31.Qd3 Qe5 32.g4 Rc8 33.Rc4 Rc5 34.Rxc5 Qxc5 35.Kg2 b6 36.Na4 Qc7
37.c4 Bc8 38.Qe3 Bb7+ 39.Kg1 d5 40.Nxb6 dxc4 41.g5 hxg5 42.Nxc4 Nd5 43.Qd4 Qe7
44.Kf2 Nf6 45.Qe5 Qd8 46.Ke1 Ne4 47.b6 g4 48.f6 Qxf6 49.Qxf6 Nxf6 50.Nd6 Bd5
51.b7 Nd7 52.Bxg4 Nb8 53.Kf2 g6 54.Ke3 f5 55.Bf3 Bxf3 56.Kxf3 Kg7 57.Kf4 Kf6
58.h4 Nd7 59.Nc4 Nb8 60.Ne5  1-0

[Event "JUG-chT Cetinje"]
[Site "Cetinje"]
[Date "1991.??.??"]
[Round "9"]
[White "Marjanovic, Slavoljub"]
[Black "Rajkovic, Dusan"]
[Result "1/2-1/2"]
[WhiteElo "2470"]
[BlackElo "2495"]

1.e4 c5 2.Nf3 Nc6 3.d4 cxd4 4.Nxd4 e6 5.Nc3 Qc7 6.Be2 a6 7.O-O Nf6 8.Be3 Be7
9.f4 d6 10.a4 O-O 11.Kh1 Re8 12.Bf3  1/2-1/2

[Event "POL-ch"]
[Site "Cetniewo"]
[Date "1991.??.??"]
[Round "12"]
[White "Gdanski, Jacek"]
[Black "Staniszewski, Piotr"]
[Result "1/2-1/2"]
[WhiteElo "2420"]
[BlackElo "2385"]

1.e4 c5 2.Nf3 e6 3.d4 cxd4 4.Nxd4 Nc6 5.Nc3 a6 6.g3 Nxd4 7.Qxd4 Ne7 8.Bf4 Ng6
9.Be3 b5 10.Bg2 Bb7 11.O-O Rc8 12.a4 Rc4 13.Qa7 Qc8 14.axb5 axb5 15.Nxb5 Be7
16.c3 O-O 17.Rfd1 f5 18.exf5 Bxg2 19.fxg6 Bc6 20.Nd6 Bxd6 21.gxh7+ Kh8 22.Rxd6 Qe8
23.Rxc6 Rxc6 24.Rd1 d6 25.Qd4 Qh5 26.Ra1 Qf3 27.b4 e5 28.Qd2 Rfc8 29.Rc1 d5
30.Bc5 Rh6 31.Re1 Qh5 32.h4 Rg6 33.Be7 Re8 34.Bg5 Rd6 35.c4 d4 36.c5 Rd5
37.Qd3 Qg4 38.c6 e4 39.Qc4 Rxg5 40.hxg5 e3 41.Rxe3 dxe3 42.Qxg4 e2 43.Qxe2 Rxe2
44.g6 Rc2 45.b5 Rc5 46.Kg2 Rxb5 47.f4 Rc5 48.g4 Rxc6 49.f5 Rxg6 50.fxg6  1/2-1/2

[Event "Cheliabinsk-B"]
[Site "Cheliabinsk"]
[Date "1991.??.??"]
[Round "?"]
[White "Tomorhuyag, Nyamaa"]
[Black "Rublevsky, Sergei"]
[Result "0-1"]
[WhiteElo "2365"]
[BlackElo "2420"]

1.e4 c5 2.Nf3 e6 3.d4 cxd4 4.Nxd4 Nc6 5.Nc3 Qc7 6.g3 a6 7.Bg2 Nf6 8.O-O Be7
9.Re1 O-O 10.Be3 d6 11.Qe2 Bd7 12.Rad1 b5 13.Nb1 Rac8 14.c3 Ne5 15.h3 Qc4
16.b3 Qxe2 17.Rxe2 Rfd8 18.Red2 Nc6 19.Ne2 Be8 20.Bf4 Ne5 21.Nc1 Bc6 22.Re2 Ng6
23.Be3 Rd7 24.Bb6 Rb7 25.Ba5 d5 26.e5 Ne4 27.Nd3 Rbb8 28.Nd2 Bd8 29.Bxd8 Nxc3
30.Ba5 Nxe2+ 31.Kf1 Nd4  0-1

[Event "Capablanca mem-B"]
[Site "Cienfuegos"]
[Date "1991.??.??"]
[Round "6"]
[White "Diaz, Joaquin C"]
[Black "Sion Castro, Marcelino"]
[Result "0-1"]
[WhiteElo "2430"]
[BlackElo "2405"]

1.e4 c5 2.Nf3 e6 3.d4 cxd4 4.Nxd4 Nc6 5.Nc3 Qc7 6.Be3 a6 7.Qd2 Nf6 8.f3 b5
9.g4 Bb7 10.O-O-O Nxd4 11.Bxd4 Bd6 12.g5 Bf4 13.Be3 Nh5 14.Ne2 Bxe3 15.Qxe3 Rc8
16.Rd2 Qc5 17.Nd4 Qe5 18.Ne2 Qc5 19.Qd3 d5 20.e5 d4 21.Nxd4 Qxe5 22.Nxe6 Qe1+
23.Rd1 Qxe6 24.Qa3 Nf4 25.h4 Qe3+ 26.Kb1 Qc5  0-1

[Event "Capablanca mem"]
[Site "Cienfuegos"]
[Date "1991.??.??"]
[Round "7"]
[White "Romero Holmes, Alfonso"]
[Black "Hernandez, Gilberto"]
[Result "1/2-1/2"]
[WhiteElo "2485"]
[BlackElo "2525"]

1.e4 c5 2.Nf3 Nc6 3.Nc3 e6 4.d4 cxd4 5.Nxd4 Qc7 6.g3 a6 7.Bg2 Nf6 8.O-O Be7
9.Re1 d6 10.Nxc6 bxc6 11.e5 dxe5 12.Rxe5 O-O 13.Re2 Nd5 14.Na4 Rd8 15.Qe1 a5
16.b3 Bb7 17.c4 Nb4 18.Bf4 Bd6 19.Bxd6 Rxd6 20.Rd1 Nd3 21.Qf1 Rad8 22.Red2 Ne5
23.Qe1 Rxd2 24.Rxd2 Rxd2 25.Qxd2 h6 26.Nc5 Bc8 27.Qd4 Nd7 28.Ne4 Bb7 29.Qd6 Qxd6
30.Nxd6 Ba8 31.a3 Kf8 32.b4 Ke7 33.c5 f5 34.Nc8+ Kd8 35.Nb6 axb4 36.axb4 Bb7
37.Nxd7 Kxd7 38.b5 e5 39.f4 e4 40.Bf1 cxb5 41.Bxb5+ Ke6 42.Kf2 Kd5 43.Bd7 Bc6
44.Bxf5 Kd4 45.Bg6  1/2-1/2

[Event "Capablanca mem-B"]
[Site "Cienfuegos"]
[Date "1991.??.??"]
[Round "9"]
[White "Garcia, Gildardo"]
[Black "Frolov, Artur"]
[Result "*"]
[WhiteElo "2445"]
[BlackElo "2450"]

1.e4 c5 2.Nf3 Nc6 3.d4 cxd4 4.Nxd4 e6 5.Nc3 d6 6.Be3 Nge7 7.Ndb5 Ng6 8.a4 Be7
9.Qd2 a6 10.Na3 O-O 11.Nc4 Nce5 12.Nb6 Rb8 13.Be2 f5 14.exf5 Nh4 15.O-O Nxf5
16.f4 Nc6 17.Bg4 d5 18.Bxf5 Rxf5 19.Ne2 Bd7 20.Nd4 Rf7 21.a5 Bd6 22.Nb3 Qc7
23.c4 Bb4 24.Qd3 dxc4 25.Qxc4 Rd8 26.Nd4 Bd6 27.Nxd7 Qxd7 28.Nxe6 Re8 29.Nc5 Qc8
30.Ne4 Qe6 31.Nxd6 Qxd6 32.Bb6 h6 33.h3 Qf6 34.b4 Kh8 35.Bc5 Qf5 36.Bd6 Re4
37.Qc3 Re2 38.Rad1 Qe4 39.Qf3  *

[Event "Capablanca mem-B"]
[Site "Cienfuegos"]
[Date "1991.??.??"]
[Round "10"]
[White "Frolov, Artur"]
[Black "Sion Castro, Marcelino"]
[Result "*"]
[WhiteElo "2450"]
[BlackElo "2405"]

1.e4 c5 2.Nf3 e6 3.d4 cxd4 4.Nxd4 Nc6 5.Nc3 Qc7 6.Be3 a6 7.Qd2 Nf6 8.f3 d5
9.exd5 Nxd5 10.Nxd5 exd5 11.O-O-O Bd6 12.Kb1 O-O 13.g3 Be5 14.Ne2 Re8 15.Bf4 Bf5
16.Bxe5 Qxe5 17.g4 Bd7 18.Nf4 Rad8 19.Bd3 Qe3 20.Nxd5 Qxd2 21.Rxd2 Ne5 22.Be2 Bb5
23.Bxb5 axb5 24.Rdd1 Nxf3 25.h3 Ng5 26.Ne7+ Kf8 27.h4 Nf3 28.Nf5  *

[Event "Clichy op"]
[Site "Clichy"]
[Date "1991.??.??"]
[Round "3"]
[White "Apicella, Manuel"]
[Black "Payen, Arnaud"]
[Result "1-0"]
[WhiteElo "2430"]
[BlackElo "2215"]

1.e4 c5 2.Nf3 Nc6 3.Nc3 e6 4.d4 cxd4 5.Nxd4 Qc7 6.Be2 a6 7.O-O Nf6 8.Be3 Be7
9.f4 d6 10.Kh1 O-O 11.Qe1 Re8 12.Qg3 Bd8 13.Rad1 Nxd4 14.Bxd4 g6 15.e5 Nd7
16.Ne4 d5 17.Nd6 Rf8 18.f5 Nxe5 19.Bxe5 f6 20.fxg6 h6 21.Nf7  1-0

[Event "Clichy op"]
[Site "Clichy"]
[Date "1991.??.??"]
[Round "7"]
[White "Kovalev, Andrei"]
[Black "Sokolov, Andrei"]
[Result "1/2-1/2"]
[WhiteElo "2520"]
[BlackElo "2550"]

1.e4 c5 2.Nf3 e6 3.d4 cxd4 4.Nxd4 Nc6 5.Nc3 d6 6.Be2 Nf6 7.Be3 Be7 8.O-O O-O
9.f4 a6 10.a4 Qc7 11.Kh1 Re8 12.Bf3 Rb8 13.g4 Nd7 14.g5 Bf8 15.Bg2 g6 16.Qe1 b6
17.Nxc6 Qxc6 18.Bd4 b5 19.axb5 axb5 20.Qf2 Bb7 21.Rae1 b4 22.f5 exf5  1/2-1/2

[Event "Ingrid Larsen mem (Women)"]
[Site "Copenhagen"]
[Date "1991.??.??"]
[Round "?"]
[White "Hoiberg, Nina"]
[Black "Erenska Radzewska, Hanna"]
[Result "1/2-1/2"]
[WhiteElo "2295"]
[BlackElo "2250"]

1.e4 c5 2.Nf3 e6 3.d4 cxd4 4.Nxd4 Nc6 5.Nc3 a6 6.Be3 Qc7 7.Be2 Nf6 8.O-O Be7
9.f4 d6 10.a4 O-O 11.Bf3 Nxd4 12.Qxd4 e5 13.Qd2 exf4 14.Bxf4 Be6 15.Nd5 Bxd5  1/2-1/2

[Event "Politicen Cup"]
[Site "Copenhagen"]
[Date "1991.??.??"]
[Round "?"]
[White "Pedersen, Jens Otto"]
[Black "Cebalo, Miso"]
[Result "0-1"]
[WhiteElo "2265"]
[BlackElo "2540"]

1.e4 c5 2.Nf3 e6 3.d4 cxd4 4.Nxd4 Nc6 5.Nc3 d6 6.Be2 Nf6 7.O-O Be7 8.Be3 O-O
9.f4 Bd7 10.Nb3 a6 11.a4 Qc7 12.a5 Rac8 13.Bf3 Nb4 14.Rf2 Bc6 15.Qe1 d5 16.e5 Nd7
17.Bd4 g6 18.Qe3 Bb5 19.f5 gxf5 20.Bxd5 Kh8 21.Qh6 Rg8 22.Rxf5 Rg6 23.Qh5 exf5
24.Bxf7 Kg7 25.Qxf5 Rg5 26.Qf4 Bc6 27.g3 Nxc2 28.Rf1 Nxe5 29.h4 Nxd4 30.Nxd4 Nf3+
31.Rxf3 Qxf4 32.Rxf4 Rxg3+ 33.Kf1 Bd7 34.Bd5 Rf8 35.Rxf8 Kxf8 36.Bxb7 Bb4
37.Bxa6 Bxa5  0-1

[Event "Corfu op"]
[Site "Corfu"]
[Date "1991.??.??"]
[Round "6"]
[White "Ghinda, Mihail Viorel"]
[Black "Tsorbatzoglou, Theodoros"]
[Result "1-0"]
[WhiteElo "2450"]
[BlackElo "2280"]

1.e4 c5 2.Nc3 e6 3.Nf3 Nc6 4.d4 cxd4 5.Nxd4 Nf6 6.Nxc6 bxc6 7.e5 Nd5 8.Ne4 Qc7
9.f4 Qb6 10.c4 Bb4+ 11.Ke2 f5 12.Nf2 Ba6 13.Kf3 Ne7 14.Be3 Bc5 15.Bxc5 Qxc5
16.Qd6 Qb6 17.b3 c5 18.Rd1 Bb7+ 19.Ke3 Kf7 20.Qxb6 axb6 21.Rxd7 Bc6 22.Rd2 Rhd8
23.Rxd8 Rxd8 24.Rg1 Ba8 25.Bd3 Nc6 26.g4 g6 27.h4 Nd4 28.h5 Rg8 29.hxg6+ hxg6
30.Rg3 Rh8 31.gxf5 gxf5 32.Rh3 Rg8 33.Nd1 Rg1 34.Nc3 Bc6 35.Ne2 Nxe2 36.Bxe2 Kg7
37.Rh2 Be4 38.Rf2 Re1 39.Rf1 Rxf1 40.Bxf1 Kh6 41.Be2 Kg7 42.Bf3 Bb1 43.Kd2 Kf7
44.a4 Ke7 45.Kc3 Kd7 46.b4 Kc7 47.bxc5 bxc5 48.a5 Kb8 49.a6 Ka7 50.Bb7 Kb8
51.Bc6 Ka7 52.Bd7 Kxa6 53.Bxe6 Kb6 54.Bd7 Be4 55.Ba4 Bb7 56.e6  1-0

[Event "Dos Hermanas"]
[Site "Dos Hermanas"]
[Date "1991.??.??"]
[Round "?"]
[White "Hidalgo Mateos, Juan Jose"]
[Black "Montecatine, Ricardo"]
[Result "1/2-1/2"]
[WhiteElo "2220"]
[BlackElo "2320"]

1.e4 c5 2.Nf3 Nc6 3.Nc3 e6 4.d4 cxd4 5.Nxd4 Qc7 6.g3 Nf6 7.Bf4 e5 8.Ndb5 Qb8
9.Bg5 a6 10.Na3 b5 11.Nd5 Nxe4 12.Be3 Nc5 13.Bg2 Bb7 14.O-O Ne6 15.c3 d6
16.Nb6 Ra7 17.Nd5 Ra8 18.Nb6 Ra7 19.Nd5 Ra8  1/2-1/2

[Event "Dublin op"]
[Site "Dublin"]
[Date "1991.??.??"]
[Round "?"]
[White "Delaney, John"]
[Black "Daly, Colm"]
[Result "0-1"]
[WhiteElo "2280"]
[BlackElo "2220"]

1.e4 c5 2.Nf3 e6 3.Nc3 Nc6 4.d4 cxd4 5.Nxd4 Qc7 6.Be2 a6 7.O-O Nf6 8.Be3 Bb4
9.Nxc6 bxc6 10.Na4 O-O 11.c4 Bd6 12.f4 Nxe4 13.c5 Be7 14.Qc2 f5 15.Rac1 Rb8
16.b3 Rf7 17.Rfd1 Nf6 18.Bf3 Rb4 19.Qc3 Rxf4 20.Bxf4 Qxf4 21.Nb6 Qc7 22.Re1 d5
23.b4 Ne4 24.Bxe4 fxe4 25.Rf1 Bf6 26.Qh3 Bd7 27.Qa3 Bc8 28.Qh3 Bd7 29.Qa3 Qb7
30.Qg3 Be8 31.Kh1 h6 32.Qg4 Bd7 33.Qg6 e5 34.Rc3 Be6 35.Rg3 Qe7 36.Ra3 Bg5
37.Rg1 Qf6 38.Qxf6 Rxf6 39.Rxa6 e3 40.Na4 d4 41.b5 e2 42.Nb2 e4 43.Rxc6 Rf1
44.Nd3 exd3 45.Rxe6 Be3  0-1

[Event "Telecom op"]
[Site "Dublin"]
[Date "1991.??.??"]
[Round "?"]
[White "Durao, Joaquim"]
[Black "Tozer, Richard"]
[Result "0-1"]
[WhiteElo "2235"]
[BlackElo "2305"]

1.e4 c5 2.Nf3 e6 3.d4 cxd4 4.Nxd4 Nc6 5.Nc3 Qc7 6.Be3 a6 7.Bd3 b5 8.a4 b4
9.Nce2 Bb7 10.Nb3 Ne5 11.a5 Nc4 12.Bf4 e5 13.Bc1 f5 14.exf5 Bxg2 15.Rg1 Bb7
16.Ng3 Nf6 17.Qe2 Rc8 18.Nh5 Bd5 19.Nxg7+ Kf7 20.Nh5 e4 21.Nxf6 Qxh2 22.Qg4 Ne5
23.Qg3 Nf3+ 24.Kd1 Qxg1+ 25.Qxg1 Nxg1 26.Bxa6 Ra8 27.Nxd5 Rxa6 28.c4 bxc3
29.bxc3 h5 30.Be3 h4 31.Kc2 Nf3 32.Bb6 Bd6  0-1

[Event "BCF-ch"]
[Site "Eastbourne"]
[Date "1991.??.??"]
[Round "6"]
[White "Thipsay, Praveen Mahadeo"]
[Black "Mishra, Neeraj Kumar"]
[Result "1/2-1/2"]
[WhiteElo "2465"]
[BlackElo "2405"]

1.e4 c5 2.Nf3 e6 3.d4 cxd4 4.Nxd4 Nc6 5.Nc3 a6 6.g3 Nge7 7.Nb3 Na5 8.Qh5 Nec6
9.Bg2 Be7 10.O-O O-O 11.Rd1 d6 12.Qe2 Qc7 13.Be3 b5 14.a4 b4 15.Na2 Rb8 16.Nac1 Bf6
17.Rb1 Nxb3 18.Nxb3 Bb7 19.f4 Rfd8 20.Qc4 a5 21.Qd3 e5 22.c4 bxc3 23.bxc3 Ne7
24.Nd2 Bc6 25.fxe5 Bxe5 26.Qc2 Qd7 27.Rxb8 Rxb8 28.Ra1 d5 29.Nf3 Bc7 30.Nd4 Bb6
31.Kh1 Bb7 32.e5 Nc6 33.Rb1 Bxd4 34.Bxd4 Nxd4 35.cxd4 Rc8 36.Qb3 Bc6 37.Qb6 h6
38.Re1 Qe6 39.Qxa5 Ra8 40.Qc7 Rxa4 41.Qb6 Rc4 42.Bf1 Qf5 43.Kg1 Rc2 44.Re2 Rc1
45.Rf2 Qb1 46.Qd8+ Kh7 47.Rxf7 Bb5 48.Qf8 Qg6 49.Rf2 Bd3 50.Qf7 Rd1 51.Qxd5 Qg4
52.e6 Bxf1 53.Rxf1 Rxd4 54.Qc5 Re4 55.e7 Qe6 56.Qc2 Qg6 57.Qc5 Qe6 58.Qc2  1/2-1/2